000 00364nam a2200145Ia 4500
003 GCL
008 140319s9999 xx 000 0 eng d
040 _aGCL /
_cGCL
082 0 4 _a003.
_bZ S
245 1 0 _aSIGMALS AND SYSTEMS: CONTINOUS AND DISCRETE
260 _a[S.N] :
_bABT AKVERT SKIRA S.A ،
_c1989
300 _a561 P
650 0 4 _aSYSTEM
942 _2ddc
_cBK
999 _c18739
_d18739